Diseño del sistema para la consulta de contenido KIDSPEDIA / (Registro nro. 2550)

Detalles MARC
000 -LEADER
campo de control de longitud fija 02492nam a22003977a 4500
001 - NÚMERO DE CONTROL
campo de control 42835
003 - IDENTIFICADOR DE NÚMERO DE CONTROL
campo de control gtgccic
005 - FECHA Y HORA DE LA ÚLTIMA TRANSACCIÓN
campo de control 20251124153723.0
007 - CAMPO FIJO DE DESCRIPCIÓN FÍSICA--INFORMACIÓN GENERAL
campo de control de longitud fija ta
008 - DATOS DE LONGITUD FIJA--INFORMACIÓN GENERAL
campo de control de longitud fija 251124b gt ||||| |||| 00| 0 spa d
040 ## - FUENTE DE CATALOGACIÓN
Centro catalogador/agencia de origen gtgccic
Lengua de catalogación spa
Centro/agencia transcriptor gtgccic
Normas de descripción rda
084 ## - OTRO NÚMERO DE CLASIFICACIÓN
Número de control del registro de autoridad o número normalizado TPI-17-0128
100 10 - ENTRADA PRINCIPAL--NOMBRE DE PERSONA
Nombre de persona Ervin Encarnación López Lux
Fechas asociadas al nombre Ingeniero en Ciencias y Sistemas
Término indicativo de función/relación autor
245 10 - MENCIÓN DEL TÍTULO
Título Diseño del sistema para la consulta de contenido KIDSPEDIA /
Mención de responsabilidad, etc. López Lux, Ervin Encarnación
264 #1 - PRODUCCIÓN, PUBLICACIÓN, DISTRIBUCIÓN, FABRICACIÓN Y COPYRIGHT
Producción, publicación, distribución, fabricación y copyright Guatemala, Guatemala :
Nombre del de productor, editor, distribuidor, fabricante USAC, Facultad de Ingeniería ;
Fecha de producción, publicación, distribución, fabricación o copyright 2017 .-
300 ## - DESCRIPCIÓN FÍSICA
Extensión xxii, 144 p. :
Otras características físicas il. ;
Dimensiones 27 cm
336 ## - TIPO DE CONTENIDO
Fuente rdacontenido
Término de tipo de contenido Texto
Código de tipo de contenido txt
337 ## - TIPO DE MEDIO
Fuente rdamedio
Nombre/término del tipo de medio sin mediación
Código del tipo de medio n
338 ## - TIPO DE SOPORTE
Fuente rdasoporte
Nombre/término del tipo de soporte volumen
Código del tipo de soporte nc
502 ## - NOTA DE TESIS
Nota de tesis Tesis Postgrado
Tipo de título MAESTRO EN TECNOLOGÍA DE LA INFORMACIÓN Y LA COMUNICACIÓN
Nombre de la institución que otorga el título USAC, Facultad de Ingeniería, Escuela de Postgrado
Año de obtención del título 2017
Identificador de la tesis TPI-17-0128
504 ## - NOTA DE BIBLIOGRAFÍA, ETC.
Nota de bibliografía, etc. Nota Bibliografía pag. 143
505 ## - NOTA DE CONTENIDO CON FORMATO
Título 1. ANTECEDENTES
505 ## - NOTA DE CONTENIDO CON FORMATO
Título 2. JUSTIFICACIÓN
505 ## - NOTA DE CONTENIDO CON FORMATO
Título 3. ALCANCES
505 ## - NOTA DE CONTENIDO CON FORMATO
Título 4. MARCO TEÓRICO
505 ## - NOTA DE CONTENIDO CON FORMATO
Título 5. METODOLÓGICO
505 ## - NOTA DE CONTENIDO CON FORMATO
Título 6. PRESENTACIÓN DE RESULTADOS
505 ## - NOTA DE CONTENIDO CON FORMATO
Título 7. DISCUSIÓN DE RESULTADOS
520 #3 - RESUMEN, ETC.
Sumario, etc. El objetivo principal de este trabajo, es presentar un diseño de una herramienta de software educativo, para el apoyo a la educación básica guatemalteca con las características intuitivo, fácil de utilizar, atractivo, adaptable y con información confiable y actualizada. Contenido de educación básica en Guatemala, se refiere al contenido de educación primaria para niños de siete a doce años, que el Ministerios de Educación establece, con el fín de apoyar al cumplimiento curricular, el contenido para alumnos y alumnas será sobre lectura, escritura, matemática, expresión y comprensión oral, el sentido artístico, creativo y cultural, conocimiento del medio natural y social. El sistema para la consulta de contenido KIDSPEDIA es un diseño de una solución para dispositivos móviles orientados a niños, con el objetivo de ayudar a que los niños mejoren su aprendizaje en las diversas áreas, a través de los aspectos tecnológicos propuestos que son: un diseño e interfaz de usuario para dispositivos móviles amigable, eficiente y una arquitectura de software.
650 ## - PUNTO DE ACCESO ADICIONAL DE MATERIA--TÉRMINO DE MATERIA
Término de materia o nombre geográfico como elemento de entrada SISTEMAS DE INFORMACIÓN
650 ## - PUNTO DE ACCESO ADICIONAL DE MATERIA--TÉRMINO DE MATERIA
Término de materia o nombre geográfico como elemento de entrada SITIOS WEB
650 ## - PUNTO DE ACCESO ADICIONAL DE MATERIA--TÉRMINO DE MATERIA
Término de materia o nombre geográfico como elemento de entrada SERVICIOS MÓVILES
700 ## - ENTRADA AGREGADA--NOMBRE PERSONAL
Nombre de persona Msc. Inga. María Elizabeth Aldana Díaz
Término indicativo de función/relación asesor
942 ## - ELEMENTOS DE ENTRADA SECUNDARIOS (KOHA)
Fuente de la clasificación o esquema de estantería Clasificación Decimal Dewey
Tipo de ítem Koha TESISPOSTGRADO
945 ## - PROCESAMIENTO DE INFORMACIÓN LOCAL (OCLC)
a amlo
Existencias
Estatus retirado Estado de pérdida Fuente de la clasificación o esquema de estantería Estado de daño No para préstamo Biblioteca de origen Biblioteca actual Fecha de adquisición Número de inventario Total de préstamos Signatura topográfica completa Código de barras Visto por última vez Precio de reemplazo Tipo de ítem Koha Nota pública
    Clasificación Decimal Dewey     CENTRO DE INFORMACIÓN A LA CONSTRUCCIÓN-CICON CENTRO DE INFORMACIÓN A LA CONSTRUCCIÓN-CICON 24/11/2025 P20170128   TPI-17-0128 20170128 24/11/2025 24/11/2025 TESISPOSTGRADO disponible